Music Quiz

Random Music or Clickable Quiz

Prepositions In Song Titles Quiz Stats

 Plays Quiz Updated Jan 3, 2015

Challenge
Share
Tweet
Embed
Score 0/28 Timer 05:00
6 Plays Today
% Correct
To
95.3%
About
94.9%
By
94.7%
Than
94.4%
Against
94.4%
Off
94.3%
Upon
94.2%
After
94.2%
Under
94.2%
Between
92.6%
Over
92.3%
Of
91.6%
On
90.7%
Through
90.5%
% Correct
Beneath
89.9%
Like
89%
In
88.8%
Around
87.7%
Up
86%
Across
85.6%
For
84.8%
From
84%
Behind
82.3%
Along
82.3%
Out
82.2%
During
79.5%
Into
79.4%
With
73.2%

You're not logged in!

Compare scores with friends on all Sporcle quizzes.
Join for Free
OR
Log In

You Might Also Like...

Show Comments

Extras

Top Quizzes Today


Score Distribution

Your Account Isn't Verified!

In order to create a playlist on Sporcle, you need to verify the email address you used during registration. Go to your Sporcle Settings to finish the process.

Report this User

Report this user for behavior that violates our Community Guidelines.

Details: